Transforming Mission (Record no. 20527)

MARC details
000 -LEADER
fixed length control field 00289nam a22001337a 4500
020 ## - INTERNATIONAL STANDARD BOOK NUMBER
ISBN 0-88344-744-4
082 ## - DEWEY DECIMAL CLASSIFICATION NUMBER
Classification number 266.2 BOS
100 ## - MAIN ENTRY--AUTHOR NAME
Author name Bosch, David J.
245 ## - TITLE STATEMENT
Title Transforming Mission
260 ## - PUBLICATION, DISTRIBUTION, ETC. (IMPRINT)
Place of publication New York
Name of publisher Orbis Books
Year of publication 1992
300 ## - PHYSICAL DESCRIPTION
Number of Pages 587
650 ## - SUBJECT ADDED ENTRY--TOPICAL TERM
Topical Term Missions
942 ## - ADDED ENTRY ELEMENTS (KOHA)
Koha item type Books
Holdings
Home library Current library Shelving location Date acquired Cost, normal purchase price Full call number Accession Number Koha item type
Henry Martyn Institute Library Henry Martyn Institute Library General stacks 08/28/2013 200.00 266.2 BOS 11002483 Books
                   Copyright © 2026 | Henry Martyn Institute | Hyderabad | TS-500052 | INDIA | Implemented by hmi.edu.in
Hit-Count:

Powered by Koha